|
|
|
|
| LEADER |
00000nam a2200000 4500 |
| 001 |
vtls012055958 |
| 003 |
SK-MaSNL |
| 005 |
20260302020327.0 |
| 007 |
co cg auuua |
| 008 |
210527s2020 xo | fqn 000 0 slo |
| 015 |
|
|
|a SNBS2024
|
| 020 |
|
|
|a 9788081654077
|q (elektronická kniha)
|
| 040 |
|
|
|a SNK
|b slo
|c SNK
|e rda
|
| 041 |
0 |
|
|a slo
|a eng
|b eng
|b slo
|
| 044 |
|
|
|a xo
|c SK
|
| 072 |
|
7 |
|a 339
|x Obchod
|2 konspekt
|
| 072 |
|
7 |
|a 366
|x Ochrana spotrebiteľa. Správanie spotrebiteľa
|2 konspekt
|
| 080 |
|
|
|a 339
|2 2011
|
| 080 |
|
|
|a 366.1
|2 2011
|
| 080 |
|
|
|a 658.849:004.738
|2 2011
|
| 080 |
|
|
|a (082)
|2 2011
|
| 080 |
|
|
|a (0.034.2)
|2 2011
|
| 080 |
|
|
|a (0.034.44)
|2 2011
|
| 080 |
|
|
|a 658.114:004.738
|2 2011
|
| 245 |
0 |
0 |
|a Teoretické a praktické východiská spotrebiteľského správania v podmienkach elektronickej komercie
|b nekonferenčný vedecký zborník recenzovaných štúdií
|c editori: Richard Fedorko, Jaroslava Gburová, Radovan Bačík
|
| 250 |
|
|
|a Vydanie: prvé
|
| 264 |
|
1 |
|a Prešov
|b Bookman s.r.o.
|c 2020
|
| 300 |
|
|
|a 1 CD-ROM
|b farebný
|c 12 cm
|
| 336 |
|
|
|a text
|b txt
|2 rdacontent
|
| 337 |
|
|
|a počítač
|b c
|2 rdamedia
|
| 338 |
|
|
|a počítačový disk
|b cd
|2 rdacarrier
|
| 347 |
|
|
|a textový súbor
|b PDF
|2 rda
|
| 366 |
|
|
|e 100 kusov
|
| 500 |
|
|
|a Názov z titulnej obrazovky
|
| 500 |
|
|
|a Nad názvom Prešovská univerzita v Prešove. Fakulta manažmentu. Katedra marketingu a medzinárodného obchodu
|
| 504 |
|
|
|a Obsahuje bibliografické odkazy
|
| 536 |
|
|
|a Projekt VEGA 1/0694/20 Výskum v oblasti relačného marketingu - percepcia aspektov elektronickej komercie a jej dopady na nákupné správanie a preferencie spotrebiteľa
|
| 546 |
|
|
|a Text čiastočne aj anglicky ; anglický a slovenský abstrakt
|
| 650 |
0 |
7 |
|a obchod
|2 SNKPH
|9 2198
|
| 650 |
0 |
7 |
|a spotrebiteľské správanie
|2 SNKPH
|9 68696
|
| 650 |
0 |
7 |
|a elektronický obchod
|2 SNKPH
|9 3918
|
| 650 |
0 |
7 |
|a Trade
|2 SNKPHeng
|9 266765
|
| 650 |
0 |
7 |
|a Consumer behavior
|2 SNKPHeng
|9 270338
|
| 650 |
0 |
7 |
|a Electronic commerce
|2 SNKPHeng
|9 318437
|
| 650 |
0 |
7 |
|a elektronické podnikanie
|2 SNKPH
|9 51762
|
| 650 |
0 |
7 |
|a Electronic business
|2 SNKPHeng
|9 346230
|
| 655 |
|
7 |
|a Papers of several authors
|2 SNKPHeng
|9 153738
|
| 655 |
|
7 |
|a zborníky
|2 SNKPH
|9 70165
|
| 655 |
|
7 |
|a CD-ROM
|2 SNKPH
|9 70236
|
| 700 |
1 |
|
|a Fedorko, Richard,
|d 1986-
|4 edt
|9 193846
|
| 700 |
1 |
|
|a Gburová, Jaroslava,
|d 1983-
|4 edt
|9 131270
|
| 700 |
1 |
|
|a Bačík, Radovan,
|d 1983-
|4 edt
|9 193847
|
| 710 |
2 |
|
|a Prešovská univerzita v Prešove.
|b Fakulta manažmentu.
|b Katedra marketingu a medzinárodného obchodu
|4 pbl
|9 53813
|
| 852 |
|
|
|a Štátna vedecká knižnica v Banskej Bystrici
|
| 919 |
|
|
|a 978-80-8165-407-7
|
| 958 |
|
|
|a NB
|
| 999 |
|
|
|c 1024694
|d 1026624
|
| 952 |
|
|
|a SNK
|b SNK
|y PREZ
|7 0
|p 17A1454520
|o snkSCDM 12129
|i snk2022/1930
|8 0
|0 0
|1 0
|4 0
|d 2022-02-04
|l 0
|r 2026-02-24 13:35:26
|w 2026-02-24
|